| 000 | 00980nac a22002531u 4500 | ||
|---|---|---|---|
| 010 | _a 91047100 | ||
| 020 | _a0138804443 | ||
| 082 | 0 | 0 |
_a621.38220285 _bOPP |
| 090 |
_c6035 _d6035 |
||
| 100 | _aOppenheim, Alan V.[ed. | ||
| 245 | 0 | 0 |
_aSymbolic and knowledge-based signal processing / _ceditors, Alan V. Oppenheim and S. Hamid Nawab. |
| 260 |
_aEnglewood Cliffs, N.J. : _bPrentice Hall, _cc1992. |
||
| 300 |
_axviii, 340 p. : _bill. ; _c25 cm. |
||
| 440 | 0 | _aPrentice-Hall signal processing series | |
| 500 | _aDistributer: Al-Ahram. | ||
| 504 | _aIncludes bibliographical references and index. | ||
| 511 | _aCatalogued By: Mahitab. | ||
| 650 | 0 |
_aSignal processing _xEquipment and supplies _xDesign. |
|
| 650 | 0 |
_aSignal processing _xDigital techniques _xData processing. |
|
| 650 | 0 | _aExpert systems (Computer science) | |
| 650 | 0 | _aLogic, Symbolic and mathematical. | |
| 700 | 1 | _aNawab, Syed Hamid. | |
| 942 |
_cBB _k621.38220285OPP |
||
| 999 |
_c6035 _d6035 |
||